000 00990nam a2200229Ia 4500
999 _c55881
_d55881
001 22979
003 GE_BSU
005 20190516190941.0
008 181216s1990||||ge |||||||||||||| ||geo||
040 _cGE_BSU
041 _ageo
080 _a821.353.1.092 ბ-32
100 _aბაქრაძე, აკაკი
_91269
245 _aმწერლობის მოთვინიერება /
_cაკაკი ბაქრაძე ; რედ : ლ. ნანიტაშვილი.
264 _aთბილისი :
_bსარანგი,
_c1990.
300 _a226 გვ. ;
_c 20 სმ.
541 _h5 ლ. 20თ.
653 _aლიტერატურის ისტორია და კრიტიკა
653 _aქართული ლიტერატურა. ლიტერატურის პარტიულობა
700 _a ნანიტაშვილი, ლ.
_eრედაქტორი
_91270
942 _cBK
_2udc